000 00595nam a22001577a 4500
008 160528b xxu||||| |||| 00| 0 eng d
082 _22005
_aUT 0011
_bB34
100 _99572
_aBayona, Jeverli Mark S
245 _aProfile of the LET results of UMDC Education graduates fro 2004-2005/
_cJeverli Mark S. Bayona, Mark Lester G. Bohol and Chloyd John N. Cabras.
260 _aDigos City:
_bUMDC
_cJanuary 2005.
300 _a39 pages;
_c27 cm.
650 0 _99569
_aEducation
_xUndergraduate thesis.
700 _99567
_aBohol, Mark Lester G.
700 _99568
_aCabbas, Choyd John N.
942 _2ddc
_cUT
999 _c2878
_d2878